Direitos humanos : (Record no. 449)
[ view plain ]
| 000 -LÍDER | |
|---|---|
| Campo Fixo de Controle | 00911nam a2200253 a 4500 |
| 001 - NÚMERO DE CONTROLE | |
| Campo de Controle | 449 |
| 003 - IDENTIFICAÇÃO DO NÚMERO DE CONTROLE | |
| Campo de Controle | BR-CuiBMT |
| 005 - DATA E HORA DA ÚLTIMA ATUALIZAÇÃO | |
| Campo de Controle | 20231122152626.0 |
| 008 - DADOS FIXOS | |
| Dados Fixos | 231106s2020 mgb 000 0 por d |
| 020 ## - INTERNATIONAL STANDARD BOOK NUMBER | |
| Nº do ISBN | 9788545007326 |
| 040 ## - AGÊNCIA CATALOGADORA | |
| Código da Agência Catalogadora | BR-CuiBMT |
| Agência que transcreveu o registro | BR-CuiBMT |
| 080 ## - Nº DA CLASSIFICAÇÃO DECIMAL UNIVERSAL | |
| Nº edição CDU | 2007 |
| Nº Class. CDU | 342.7 |
| 090 ## - NÚMERO DE CHAMADA | |
| Nº classificação | 342.7 |
| Cutter | D598 |
| 245 00 - TÍTULO PRINCIPAL | |
| Título principal | Direitos humanos : |
| Subtítulo | abordagens transversais / |
| Indicação de responsabilidade | Dafne Fernandez de Bastos, José Edvaldo Pereira Sales, coordenadores ; [autores: Aldalberto Fernandes Sá Junior ... et al.] ; prefácio Antônio Moreira Maués. |
| 260 ## - PUBLICAÇÃO, DISTRIBUIÇÃO, ETC. | |
| Local de publicação | Belo Horizonte : |
| Editora | Fórum, |
| Data | 2020. |
| 300 ## - DESCRIÇÃO FÍSICA | |
| N. páginas ou volumes | 321 p. ; |
| Dimensões | 22 cm |
| 500 ## - NOTAS GERAIS | |
| Notas gerais | Vários colaboradores. |
| 504 ## - NOTA DE BIBLIOGRAFIA, ETC. | |
| Nota de bibliografia | Inclui bibliografia. |
| 650 ## - ASSUNTO TÓPICO | |
| Cabeçalho tópico ou nome geográfico | Direitos humanos |
| Subdivisão geográfica | Brasil |
| 700 1# - ENTRADA SECUNDÁRIA -- NOME PESSOAL | |
| Nome pessoal | Bastos, Dafne Fernandez de |
| Cód. do termo explicativo | coord. |
| 700 1# - ENTRADA SECUNDÁRIA -- NOME PESSOAL | |
| Nome pessoal | Sales, José Edvaldo Pereira |
| Cód. do termo explicativo | coord. |
| 700 1# - ENTRADA SECUNDÁRIA -- NOME PESSOAL | |
| Nome pessoal | Sá Junior, Adalberto Fernandes |
| Termo de relação | et al. |
| -- | autores |
| 942 ## - ELEMENTOS DE ENTRADA ADICIONAIS (KOHA) | |
| Fonte de classificação ou esquema de arquivamento | Classificação Decimal Universal |
| Tipo de item do Koha | Livros |
| Estado: removido | Estado: perdido | Fonte de classificação ou esquema de arquivamento | Estado: danificado | Indisponível para empréstimo | Localização permanente | Localização atual | Data de aquisição | Total Checkouts | Número de Chamada completo | Código de barras | Date last seen | Número do exemplar | Preço efetivo a partir de | Tipo de item (Koha) |
|---|---|---|---|---|---|---|---|---|---|---|---|---|---|---|
| Classificação Decimal Universal | Biblioteca da Escola Superior de Contas do TCE/MT | Biblioteca da Escola Superior de Contas do TCE/MT | 06/11/2023 | 342.7 D598 | BIBTCEMT23110195 | 06/11/2023 | Ex. 1 | 06/11/2023 | Livros | |||||
| Classificação Decimal Universal | Biblioteca da Escola Superior de Contas do TCE/MT | Biblioteca da Escola Superior de Contas do TCE/MT | 06/11/2023 | 342.7 D598 | BIBTCEMT23110198 | 06/11/2023 | Ex. 2 | 06/11/2023 | Livros | |||||
| Classificação Decimal Universal | Biblioteca da Escola Superior de Contas do TCE/MT | Biblioteca da Escola Superior de Contas do TCE/MT | 06/11/2023 | 342.7 D598 | BIBTCEMT23110199 | 06/11/2023 | Ex. 3 | 06/11/2023 | Livros |